=LDR 00000nam 2200000 4500 =001 INLIS000000000050358 =005 20170502120608 =035 ##$$a 0010-0517000011 =007 ta =008 170502###########################0#ind## =020 ##$$a 62-01-024-4 =082 ##$$a 346.04 =084 ##$$a 346.04 HUT h =100 1#$$a Hutauruk, M. =245 1#$$a Hak cita terbaru /$c M. Hutauruk, SH. =260 ##$$a Jakarta :$b Erlangga,$c 1988 =300 ##$$a v,136 hlm. ; $c 23 cm. =650 ##$$a Hak Cipta =990 ##$$a 76347634 =990 ##$$a 30501930